000 00227 a2200097 4500
001 34691
100 _aBlackwall J A
245 _aMaking Defense Reforms Ware
260 _aNew york
_bBrassey's (US) I
_c
090 _c22974
_d22974
942 _aNUST-CAE
_cM
_c14418
999 _c269764
_d269764